Obras de la gloriosa Madre Santa Teresa de Jesús, fundadora de la reforma de la orden de Nuestra Señora del Carmen

Detalles Bibliográficos
Formato: Libro
Publicado: Barcelona 1704
Materias:
Colección:Banco de datos
Acervo:Biblioteca Nacional de Antropología e Historia. Fondo Conventual
Descripción Física:t. II
Tema general:Ascética
Notas:Buena. XIX, 3, 19.
LEADER 00709nam a22001930004500
035 |a 13263 
036 |a 809 
245 1 0 |a Obras de la gloriosa Madre Santa Teresa de Jesús, fundadora de la reforma de la orden de Nuestra Señora del Carmen 
260 |a Barcelona  |b imp. Cormellas  |c 1704 
300 |a t. II 
500 |a Buena. XIX, 3, 19. 
650 1 0 |a Ascética 
949 |a B.N.A.H. 
959 |a Biblioteca Nacional de Antropología e Historia. Ciudad de México  |b CCC1 
960 |a Colección General de B.N.A.H. de la ciudad de México  |b DD58 
961 |a Varias Ordenes Religiosas  |b VO 
942 |c B.N.A.H. 
943 |g Biblioteca Nacional de Antropología e Historia. Fondo Conventual 
999 |c 1037795  |d 1037795